00740nam a22002057a 4500999001900000005001700019010001500036020002600051035001400077037000900091082000800100100002000108245007800128260005700206270007600263300001900339700002400358942002200382952013000404 c186203d18620320220216153141.0 aENG-131634 a9789390727308c820.00 aEN-115166 bDBAD a657 aSharma, Parveen aProblems and Solutions in Accounting/cParveen Sharma, Kapileshwar Bhalla aChennaibMcGraw Hill Education Private Limitedc2020 aAnjana Complex No. 5/90 A, Butt Road, St. Thomas MountbChennaie600016 avp.c25cm(pbk) aBhalla, Kapileshwar 2ddccENh657mSHA 001040708NFICaBNbBNd2022-02-16eDBAD/PUBg820.00l1o657 SHApEN-115166r2023-09-23 00:00:00s2023-09-11t1v820.00yEN